|
|
|
|
| LEADER |
00000cam a2200000 a 4500 |
| 001 |
vtls010657219 |
| 003 |
SK-MaSNL |
| 005 |
20260301043255.0 |
| 008 |
240318s2014 xo oa e n 000 0 slo |
| 015 |
|
|
|a SNBA2015/04
|
| 020 |
|
|
|a 9788022337021
|q (brož.)
|
| 035 |
|
|
|a 9622BAA8-B19B-49FF-9762-7299F0B66B3E
|
| 035 |
|
|
|a urn:nbn:sk:snk-amku8r
|
| 035 |
|
|
|a urn:nbn:sk:snk-am004q2m
|
| 040 |
|
|
|a SNK
|b slo
|c SNK
|e AACR2
|
| 041 |
0 |
|
|a slo
|
| 044 |
|
|
|a xo
|c SK
|
| 072 |
|
7 |
|a 616
|x Patológia. Klinická medicína
|2 konspekt
|
| 080 |
|
|
|a 616.853
|2 2001
|
| 080 |
|
|
|a (075.8)
|2 2001
|
| 100 |
1 |
|
|a Kollár, Branislav,
|d 1973-
|4 aut
|9 188020
|
| 245 |
1 |
0 |
|a Epilepsia
|c Branislav Kollár
|
| 250 |
|
|
|a 1. vyd.
|
| 260 |
|
|
|a V Bratislave
|b Univerzita Komenského
|c 2014
|
| 300 |
|
|
|a 73 s.
|b fotogr., tab.
|c 30 cm
|
| 366 |
|
|
|e 200 výt.
|
| 504 |
|
|
|a Bibliogr.: s. 64-67 ; zoz. použ. skrat.
|
| 650 |
0 |
7 |
|a epilepsia
|2 SNKPH
|9 13484
|
| 650 |
0 |
7 |
|a Epilepsy
|2 SNKPHeng
|9 347824
|
| 655 |
|
7 |
|a učebnice vysokých škôl
|2 SNKPH
|9 70191
|
| 655 |
|
7 |
|a Textbooks (higher)
|2 SNKPHeng
|9 276436
|
| 752 |
|
|
|a Slovensko
|d Bratislava
|
| 852 |
|
|
|a Štátna vedecká knižnica v Banskej Bystrici
|
| 919 |
|
|
|a 978-80-223-3702-1
|
| 958 |
|
|
|a NB
|
| 999 |
|
|
|c 593151
|d 595081
|
| 952 |
|
|
|a SNK
|b SNK
|y PREZ
|7 0
|p 17A1139352
|o snkSB 87906
|i snk2015/6755
|8 0
|0 0
|1 0
|4 0
|d 2015-02-25
|f 1
|l 0
|r 2025-05-12 00:00:00
|w 2026-02-23
|
| 952 |
|
|
|a SNK
|b SNK
|y VYP
|7 0
|p 17A1139351
|o snkSB 87906 D1
|i snk2015/6756
|8 0
|0 0
|1 0
|4 0
|d 2015-02-25
|l 0
|r 2026-02-23 15:30:31
|w 2026-02-23
|